LEADER 00762nam a2200217 i 4500 001 000000253060 003 CaOOAMICUS 005 20220809080514.0 008 170223s1811 it u000 u lat u 013 $a231965 026 $am.is u-eo m.um 58ME (3) 1811 (R) 040 $aSeMil$bita 245 10$aVolumen alterum. 300 $a32, [2] p. 500 $aSegn.: [1!/?-4/? ?¹ 773 0 $tItaliae veteris numismata edidit Franciscus M. Avellinus I. C.$dNeapoli : Excudebat Dominicis Sangiacomo, 1808-1811.$g2$w()2968 850 $aSeMil 852 $aSeMil$W1$xVenegono$y1$m3Q V 5 FA$j203406$B203406$CSeMilBibl$Z2$F216197 $8I 961 $aRecupero: Mantegazza 996 $6245$aVolumen alterum$9(OLS)http://semarc/title/179031 LEADER 01205nam a2200217 i 4500 001 000000195442 003 CaOOAMICUS 005 20101214000000.0 008 101214s1909 it u000 u fre u 013 $a174115 040 $aSeMil$bita 100 1 $aDevine, Arthur,$d<1849-1919>.$0(OLS)http://semarc/name/24134 245 12$aL'ordinaire de la Messe :$bexpliqué au point de vue de l'Histoire de la Liturgie et de l'Exégèse /$cR. P. Arthur Devine, Passionniste auteur du «Credo expliqué,» «Des commandements expliqués,» des «Sacrements expliqués» etc ; Traduit de l'Anglais avec l'autorisation de l'Auteur par l'Abbé C. Maillet. 260 $aAvignon :$bAubanel Père,$c1909. 300 $aXVI, 336,16 p. ;$c20 cm. 650 4$aMessa - Commentari e studi.$0(OLS)http://semarc/subject/2736 700 1 $aMaillet, C. .$0(OLS)http://semarc/name/24135 850 $aSeMil 852 $aSeMil$W1$xVenegono$y1$m3K IV 165$j146011$B146011$CSeMilBibl$Z2$F157523 $81 996 $6245$aL'ordinaire de la Messe :$bexpliqué au point de vue de l'Histoire de la Liturgie et de l'Exégèse$9(OLS)http://semarc/title/281994 996 $6260$aAvignon :$bAubanel Père$9(OLS)http://semarc/publisher/50755